Aidit accuses Madiun affair; (Record no. 70547)
[ view plain ]
| 000 -LEADER | |
|---|---|
| fixed length control field | 00892cam a22002651 4500 |
| 001 - CONTROL NUMBER | |
| control field | sa 66006496 |
| 003 - CONTROL NUMBER IDENTIFIER | |
| control field | DLC |
| 005 - DATE AND TIME OF LATEST TRANSACTION | |
| control field | 20260227112256.0 |
| 008 - FIXED-LENGTH DATA ELEMENTS--GENERAL INFORMATION | |
| fixed length control field | 740221s1955 io c 000 0 eng |
| 010 ## - LIBRARY OF CONGRESS CONTROL NUMBER | |
| LC control number | sa 66006496 |
| 035 ## - SYSTEM CONTROL NUMBER | |
| System control number | (OCoLC)809800 |
| 040 ## - CATALOGING SOURCE | |
| Original cataloging agency | DLC |
| Transcribing agency | NhD |
| Modifying agency | OCoLC |
| -- | DLC |
| 041 1# - LANGUAGE CODE | |
| Language code of text/sound track or separate title | engund |
| 042 ## - AUTHENTICATION CODE | |
| Authentication code | premarc |
| 050 00 - LIBRARY OF CONGRESS CALL NUMBER | |
| Classification number | LAW <Indonesia> |
| 100 1# - MAIN ENTRY--PERSONAL NAME | |
| Personal name | Aidit, D. N., |
| Dates associated with a name | 1923-1965, |
| Relator term | defendant. |
| 245 10 - TITLE STATEMENT | |
| Title | Aidit accuses Madiun affair; |
| Remainder of title | D.N. Aidit's defence plea at the trial in the Jakarta State Court on February 24, 1955. |
| 260 ## - PUBLICATION, DISTRIBUTION, ETC. | |
| Place of publication, distribution, etc. | Djakarta, |
| Name of publisher, distributor, etc. | Jajasan Pembaruan |
| Date of publication, distribution, etc. | [introd. 1955] |
| 300 ## - PHYSICAL DESCRIPTION | |
| Extent | 43 p. |
| Other physical details | port. |
| Dimensions | 18 cm. |
| 500 ## - GENERAL NOTE | |
| General note | Abridged translation. |
| 651 #0 - SUBJECT ADDED ENTRY--GEOGRAPHIC NAME | |
| Geographic name | Indonesia |
| General subdivision | Politics and government |
| Chronological subdivision | 1942-1949. |
| 651 #0 - SUBJECT ADDED ENTRY--GEOGRAPHIC NAME | |
| Geographic name | Indonesia |
| General subdivision | Politics and government |
| Chronological subdivision | 1950-1966. |
| 610 20 - SUBJECT ADDED ENTRY--CORPORATE NAME | |
| Corporate name or jurisdiction name as entry element | Partai Komunis Indonesia. |
| 710 1# - ADDED ENTRY--CORPORATE NAME | |
| Corporate name or jurisdiction name as entry element | Indonesia. |
| Subordinate unit | Pengadilan Negeri. |
No items available.